Global Biopiracy : Patents, Plants, and Indigenous Knowledge /
Salvato in:
| Autore principale: | |
|---|---|
| Natura: | Libro |
| Lingua: | inglese |
| Pubblicazione: |
Ithaca, EUA :
Cornell University,
2006, c2006
|
| Soggetti: | |
| Tags: |
Nessun Tag, puoi essere il primo ad aggiungerne!!
|
MARC
| LEADER | 00000nam^a2200000^a^4500 | ||
|---|---|---|---|
| 001 | 000275558 | ||
| 005 | 20250521000000.0 | ||
| 009 | 20260310111236.05 | ||
| 020 | |a 978-0-8014-7391-3 | ||
| 037 | |a Acervo ITESO - Biblioteca | ||
| 041 | |a ING | ||
| 082 | |a 346. 0486 |b MGB | ||
| 100 | |a Mgbeoji, Ikechi |e (autor) | ||
| 245 | 1 | 0 | |a Global Biopiracy : |b Patents, Plants, and Indigenous Knowledge / |c I. Mgbeoji. |
| 264 | 4 | |a Ithaca, EUA : |b Cornell University, |c 2006, c2006 | |
| 300 | |a XIV, 311 p. | ||
| 336 | |a texto |b txt |2 rdacontenido | ||
| 337 | |a sin mediación |b n |2 rdamedio | ||
| 338 | |a volumen |b nc |2 rdasoporte | ||
| 649 | |a XX | ||
| 650 | |a Indígenas - |x Condiciones Sociales y Culturales | ||
| 650 | |a Plantas Medicinales - |x Aspectos Jurídicos - |x Tema Principal | ||
| 650 | |a Biotecnología - |x Aspectos Jurídicos | ||
| 650 | |a Patentes - |x Tema Principal | ||
| 650 | |a Propiedad Industrial | ||
| 650 | |a Derecho de Propiedad | ||
| 650 | |a Etnobotánica | ||
| 650 | |a Biodiversidad | ||
| 910 | |a Fondo General | ||
| 920 | |a Impresos - Libros | ||
| 930 | |a Colección General | ||
| 905 | |a 101 | ||
| 901 | |a 0500160727 |b IT1 |c ACC |u 20250521 | ||
| 902 | |a https://opac.biblio.iteso.mx/vufind/Record/000275558 | ||